00406nam a22001457a 450000300070000000500170000700800410002402000230006504000090008808200200009724500710011725000120018826000390020030000210023933001020250909115731.0250909b sa ||||| |||| 00| 0 eng d a9781770074637qpbk c3228 0a597.920967 BRAN aTortoises :bTerrapins & Turtles Of Africac[Author: Branch, Bill] a1st Ed. aCape TownbStruik Publishersc2008 a128 pagesc21 cm